000 00539nam a2200133Ia 4500
008 220615s9999||||xx |||||||||||||| ||und||
022 _a16648714
100 _aMariano Soiza Reilly||Benjamin R Arenkiel||Peter Saggau
245 0 _aNeural Circuits Revealed
546 _aEnglish[eng]
650 _aoptogenetics||neuronal tracing||Electrophysiology||connectome||Behavior||Neurological and Psychiatric Disorders||ultrastructure||networks
856 _uhttp://journal.frontiersin.org/researchtopic/1606/neural-circuits-revealed
942 _cEB
999 _c16733
_d16733